Répertoire de l'administration francaise. (Record no. 111830)

MARC details
000 -LEADER
campo de control de longitud fija 01074cam a2200325Mi 4500
001 - NÚMERO DE CONTROL
campo de control 90692
005 - FECHA Y HORA DE LA ÚLTIMA TRANSACCIÓN
campo de control 20230411090049.0
008 - DATOS DE LONGITUD FIJA--INFORMACIÓN GENERAL
campo de control de longitud fija 091102s2009 fr 000 0 fre d
035 ## - NÚMERO DE CONTROL DEL SISTEMA
Número de control de sistema (OCoLC)ocn463284327
040 ## - FUENTE DE CATALOGACIÓN
Centro catalogador/agencia de origen TZT
Centro/agencia transcriptor TZT
020 ## - NÚMERO INTERNACIONAL ESTÁNDAR DEL LIBRO
Número Internacional Estándar del Libro 9782110074683
020 ## - NÚMERO INTERNACIONAL ESTÁNDAR DEL LIBRO
Número Internacional Estándar del Libro 211007468X
029 0# - OTRO NÚMERO DE CONTROL DE SISTEMA (OCLC)
Identificador de la biblioteca OCLC TZT
Número de control de sistema JTL00259812
035 ## - NÚMERO DE CONTROL DEL SISTEMA
Número de control de sistema (OCoLC)463284327
072 #7 - CÓDIGO DE CATEGORÍA DE MATERIA
Código de categoría de materia JN2304
082 14 - NÚMERO DE LA CLASIFICACIÓN DECIMAL DEWEY
Número de clasificación 354.44/00025
049 ## - FONDOS LOCALES (OCLC)
Biblioteca depositaria GRAL
245 00 - MENCIÓN DEL TÍTULO
Título Répertoire de l'administration francaise.
Nombre de parte o sección de la obra 2010 :
Resto del título [inclus fichiers de publipostage] /
Mención de responsabilidad, etc. [responsable de la publication Francoise Mathieu].
250 ## - MENCION DE EDICION
Mención de edición 67e édition.
260 ## - PUBLICACIÓN, DISTRIBUCIÓN, ETC.
Lugar de publicación, distribución, etc. Paris :
Nombre del editor, distribuidor, etc. Documentation franðcaise,
Fecha de publicación, distribución, etc. 2009.
300 ## - DESCRIPCIÓN FÍSICA
Extensión ix, 889 p.
653 ## - TÉRMINO DE INDIZACIÓN--NO CONTROLADO
Término no controlado French public administration
-- Directory
651 #0 - PUNTO DE ACCESO ADICIONAL DE MATERIA--NOMBRE GEOGRÁFICO
Nombre geográfico France
Subdivisión general Administrative and political divisions
Subdivisión de forma Directories.
651 #0 - PUNTO DE ACCESO ADICIONAL DE MATERIA--NOMBRE GEOGRÁFICO
Nombre geográfico France
Subdivisión general Officials and employees
Subdivisión de forma Directories.
651 #4 - PUNTO DE ACCESO ADICIONAL DE MATERIA--NOMBRE GEOGRÁFICO
Nombre geográfico Francia
Subdivisión general Administración pública.
938 ## -
-- Jean Touzot Libraire Editeur
-- TOUZ
-- JTL00259812
-- 38 EUR
942 ## - ELEMENTOS DE ENTRADA SECUNDARIOS (KOHA)
Fuente del sistema de clasificación o colocación Clasificación de Library of Congress
Tipo de ítem Koha
994 ## -
-- C0
-- DRFGD
946 ## - PROCESAMIENTO DE INFORMACIÓN LOCAL (OCLC)
a rdc
Holdings
Estatus retirado Estado de pérdida Fuente del sistema de clasificación o colocación Estado de daño No para préstamo Colección Biblioteca de origen Biblioteca actual Ubicación en estantería Fecha de adquisición Código de barras Visto por última vez Copia número Tipo de ítem Koha
    Clasificación de Library of Congress     Automatización y Procesos Técnicos Biblioteca Juan Bosch Biblioteca Juan Bosch Automatización y Procesos Técnicos (1er. Piso) 11/04/2023 00000084218 17/02/2019 1